000 00439nam a22001697a 4500
003 koha_MIRAKIL
005 20231213095621.0
008 231213b |||||||| |||| 00| 0 ||| d
040 _aTR-IsEVY
_btur
_cTR-IsEVY
082 _a900 KAR/A
100 _aKARAKAŞ, İBRAHİM.
245 0 _aATATÜRK ATATÜRK'Ü ANLATIYOR "BENİM TUTKULARIM VAR" 1881-1919.
260 _bMilliyet,
300 _a397.
650 _aTarih.
942 _2ddc
_cBK
999 _c6599
_d6599